Normal view
MARC view
- LIBRETOS
Entry Materia
001 - NÚMERO DE CONTROL DEL REGISTRO
- campo de control: 6429
003 - IDENTIFICADOR DE NUMERO DE CONTROL
- campo de control: UPN
005 - FECHA Y HORA DE LA ÚLTIMA TRANSACCIÓN
- campo de control: 20210219193702.0
008 - DATOS DE LONGITUD FIJA
- campo de control de longitud fija: nabaccnnaabn|||||||||| b |nc|||||d
035 ## - NÚMERO DE CONTROL DEL SISTEMA
- Número de control del sistema: UPN10000006431
040 ## - FUENTE DE LA CATALOGACIÓN
- Lengua de catalogación: SPA
- Agencia de transcripción: UPN
150 ## - ENCABEZAMIENTO - TEMÁTICO
- Término de materia o nombre geográfico como elemento inicial: LIBRETOS
670 ## - FUENTE EN LA QUE SE LOCALIZARON DATOS
- Cita de la fuente: A/P
680 ## - NOTA GENERAL CON DESPLIEGUE PÚBLICO
- Texto explicativo: Usese para las colecciones de libretos de toda clase. Para las colecciones de libretos de un género específico, úsese directamente, ej. :
- Encabezamiento: LIBRETOS PARA RADIODIFUSION
902 ## - CATALOGADOR
- Catalogador: BDV/250407
